00680nam a2200193Ia 4500952015200000999001700152003000400169005001700173008004100190020001800231040000900249082001900258100002900277245006500306260004800371300000900419650001400428942004400442 00102ddc40708PRODUCTIONaMESbMEScECO d2019-02-20g450.00l1m1o338.954 ACH/Ip38956r2019-11-15 00:00:00s2019-10-29w2019-02-20yBKzGL8R3 c11474d11474OSt20191219104817.0190216s9999||||xx |||||||||||||| ||und|| a9780198074953 coclc a338.954bACH/I1 aAcharya, Shankar N.9571 0aIndias Economy Performance And Challenges /cShankar Acharya bOxford University Press,c2010.aNew Delhi: a465p aEconomics cBK2ddch338.954iACH/Ik338.954mACH/I